| 000 | 00460nam a2200181 i 4500 | ||
|---|---|---|---|
| 001 | bg | ||
| 100 | 1 | _aMICHALSKI, Leszek | |
| 245 | 0 |
_aPomiary temperatury / _cLeszek Michalski, Krystyna Eckersdorf. |
|
| 250 | _aWyd.3 zm. | ||
| 260 |
_aWarszawa, _c1986. |
||
| 650 | 9 |
_aTemperatura _xpomiary |
|
| 700 | 1 | _aECKERSDORF, Krystyna | |
| 040 | _cBPK | ||
| 041 | _apol | ||
| 080 | _a621.36:621.317:536 | ||
| 942 | _cKS | ||
| 008 | s pl f |000 0 pol | ||
| 999 |
_c3225 _d3225 |
||
| 856 |
_uhttp://koha.tu.koszalin.pl/cgi-bin/koha/opac-detail.pl?biblionumber=3225 _yKatalog online BPK |
||